Composition - Finale LDC 2020 : Bayern Munich - PSG - Statistiques

Statistiques générales
  • Ce quiz a été pris 2 588 fois
    2 586 depuis la dernière actualisation
  • Le résultat moyen est 20 sur 32
Statistiques - réponses
Joueurs % Correct
Kylian Mbappé
95%
Neymar Junior
95%
Keylor Navas
92%
Manuel Neuer
92%
Kingsley Coman
89%
Marquinhos
87%
Joshua Kimmich
84%
Robert Lewandowski
83%
Angel Di Maria
81%
Thomas Müller
81%
Marco Verratti
78%
Thiago Silva
77%
Presnel Kimpembe
75%
Alphonso Davies
72%
Serge Gnabry
72%
Leon Goretzka
68%
Juan Bernat
64%
Jérôme Boateng
62%
Thomas Tuchel
56%
Eric-Maxime Choupo-Moting
52%
Leandro Paredes
51%
David Alaba
49%
Hansi Flick
45%
Layvin Kurzawa
45%
Thiago Alcantara
44%
Thilo Kehrer
41%
Ander Herrera
40%
Niklas Süle
38%
Julian Draxler
29%
Philippe Coutinho
26%
Corentin Tolisso
20%
Ivan Perisic
15%
Aucun quiz correspondant
Distribution des résultats
% des personnes avec chaque résultat
Percentile par nombre de réponses
Votre historique - résultats
Vous n’avez pas pris ce quiz depuis la dernière actualisation